| 000 | 00616nam a22002057a 4500 | ||
|---|---|---|---|
| 999 |
_c14875 _d14875 |
||
| 003 | AR-CdUCM | ||
| 008 | 190425b ||||| |||| 00| 0 spa d | ||
| 020 | _a978-9972-40-444-3 | ||
| 040 |
_aMUNICIPALIDAD PROVINCIAL DEL CUSCO _cBIBLIOTECA MUNICIPAL DEL CUSCO |
||
| 082 |
_aES / 808.06 / _bF69 |
||
| 100 |
_aFreire Sarria, Luis _933832 |
||
| 245 | _aEl secuestro del señor de Sipán / | ||
| 260 |
_aLima : _bPeisa, _c2009. |
||
| 300 |
_a94 páginas ; _c21cm. |
||
| 650 |
_aLiteratura infantil _9588 |
||
| 650 |
_aHistoria _951683 |
||
| 650 |
_aInfancia _95236 |
||
| 942 |
_2ddc _cLIBROS |
||
| 945 |
_arah _d25/047/2019 |
||